| 000 | 01139nam a2200265 a 4500 | ||
|---|---|---|---|
| 001 | 50253 | ||
| 003 | BD-RjUL | ||
| 005 | 20211209075500.0 | ||
| 008 | 171210s1978 bg b 001 0 ben | ||
| 020 | _c: Tk. 40.00 | ||
| 035 | _a(BD-RjUL)50373 | ||
| 040 |
_aBD-RjUL _cBD-RjUL _dBD-RjUL _bben/eng |
||
| 041 | _aben | ||
| 082 | 0 | 0 |
_223 _a954.0258 _bTAS 1978 |
| 100 | 1 |
_aতাবতাবায়ী, সৈয়দ গোলাম হুসায়ন খান _9219669 |
|
| 245 | 1 | 0 |
_aসিয়ারে মুতাখখিরীন / _cসৈয়দ গোলাম হুসায়ন খান তাবতাবায়ী ; এম. আবদুল কাদের অনূদিত |
| 260 |
_aঢাকা: _bবাংলা একাডেমী, _c১৯৭৮ |
||
| 300 |
_a[১০], ৫৭৪ পৃ : _c২১ সেমি. |
||
| 490 |
_aবাএ ; _v৯৮২ |
||
| 650 |
_aভারত _xইতিহাস _9219670 |
||
| 650 |
_aIndia _xHistory _9219671 |
||
| 700 |
_aকাদের, এম. আবদুল, অনুবাদক _9219672 |
||
| 830 |
_aবাএ ; _v৯৮২ _9219689 |
||
| 942 |
_2ddc _cRAR |
||
| 999 |
_c50253 _d50253 |
||